Statistics for Every Premier League Goalscorer for Huddersfield Town

Click here to take the quiz!

General Stats

  • This quiz has been taken 29 times
  • The average score is 6 of 16

Answer Stats

Player% Correct
Aaron Mooy
88%
Steve Mounié
69%
Christopher Schindler
56%
Rajiv van La Parra
56%
Laurent Depoitre
50%
Karlan Grant
38%
Mathias Jørgensen
38%
Alex Pritchard
31%
Tom ince
31%
Isaac Mbenza
25%
Juninho Bacuna
25%
Philip Billing
25%
Elias Kachunga
19%
Terence Kongolo
13%
Joe Lolley
6%
Jon Gorenc Stanković
6%

Score Distribution

Percentile by Number Answered

Percent of People with Each Score

Your Score History

You have not taken this quiz